Doctor Who: the Sixth Doctor episodes - Statistics

General Stats
  • This quiz has been taken 40 times
  • The average score is 9 of 11
Answer Stats
Season Episode % Correct
21 The Twin Dilemma
97%
22 Attack of the Cybermen
89%
22 The Mark of the Rani
83%
22 The Two Doctors
83%
23 Mindwarp
80%
23 Terror of the Vervoids
80%
23 The Mysterious Planet
80%
23 The Ultimate Foe
80%
22 Revelation of the Daleks
77%
22 Vengeance on Varos
77%
22 Timelash
74%
No matching quizzes found
Score Distribution
Percent of People with Each Score
Percentile by Number Answered
Your Score History
You have not taken this quiz